Dedičské právo
Dedičské právo je majetkovým právom, nakoľko majetkový obsah dedenia vyjadruje základnú spoločenskú funkciu a význam dedičského práva, tak v objektívnom, ako aj v subjektívnom zmysle slova.
Gespeichert in:
| 1. Verfasser: | |
|---|---|
| Format: | Buchkapitel |
| Sprache: | Slowakisch |
| Schlagworte: | |
| Tags: |
Keine Tags, Fügen Sie das erste Tag hinzu!
|
MARC
| LEADER | 00000naa a2200000 4500 | ||
|---|---|---|---|
| 001 | 0288471 | ||
| 005 | 20240417075217.9 | ||
| 041 | 0 | |a slo | |
| 044 | |a SK | ||
| 245 | 1 | 0 | |a Dedičské právo |c Tibor Trizuliak |
| 520 | |a Dedičské právo je majetkovým právom, nakoľko majetkový obsah dedenia vyjadruje základnú spoločenskú funkciu a význam dedičského práva, tak v objektívnom, ako aj v subjektívnom zmysle slova. | ||
| 610 | 2 | 0 | |a právo |
| 610 | 2 | 0 | |a legislatíva |
| 610 | 2 | 0 | |a zákony |
| 610 | 2 | 0 | |a dedičstvo |
| 610 | 2 | 0 | |a právo dedičské |
| 100 | 1 | |a Trizuliak, Tibor | |